=LDR 00000nam 2200000 4500 =001 INLIS000000000055685 =005 20200629031402 =035 ##$$a 0010-0620000125 =245 1#$$a Kerja dan hubungan kerja dalam Islam /$c Mahyudin Al Mudra, SH =100 #$$a Mudra, Mahyudin Al =300 ##$$a xvi,77 hlm. ; $c 21 X 14 cm. =260 ##$$a Yogyakarta :$b Mitra Gama Widya,$c 1992. =082 ##$$a 2X5.3 =084 ##$$a 2X5.3 MUD k =600 #4$$a Islam-Eonomi =504 ##$$a Bibliografi :hlm.73-76 =520 ##$$a Biografi :hlm.77 =008 200629################g##########0#ind## =990 ##$$a 1199700754 =990 ##$$a 1199700755